000 00498nam a2200181Ia 4500
001 8173
005 20260306160549.0
008 260306t2015||||xx |||||||||||||| ||spa||
041 _aESP
082 _a370.115
_bP87
100 _aPerú. Programa Nacional de Asistencia Solidaria - Pensión 65
_eAUT
245 0 _aLos abuelos ahora:
_bII concurso nacional de cuento y dibujo
260 _c2015
300 _a107 páginas :
_c29 cm.
650 _aGEN
654 _aCED
942 _cLIB
_dJUS
_fJUS
_2ddc
_n
999 _c8173
_d8173